[Event "Tata Steel Chess 2020 GM-A"]
[Site "Wijk aan Zee NED"]
[Date "2020.01.12"]
[Round "2.2"]
[White "Artemiev, Vladislav"]
[Black "Vitiugov, Nikita"]
[Result "1-0"]
[WhiteElo "2731"]
[BlackElo "2747"]
[PlyCount "99"]
[EventDate "2020.01.11"]
[EventType "tourn"]
[EventRounds "13"]
[EventCountry "NED"]
[SourceTitle "Ajedrez en Madrid"]
[Source "lmi"]
[SourceDate "2020.01.11"]
[SourceVersion "1"]
[SourceVersionDate "2020.01.19"]
[SourceQuality "1"]

1. Nf3 d5 2. e3 Nf6 3. c4 e6 4. Nc3 dxc4 5. Bxc4 a6 6. O-O b5 7. Be2 Bb7 8. a4
b4 9. Nb1 c5 10. d3 Nc6 11. Nbd2 Be7 12. e4 a5 13. Nb3 c4 14. dxc4 Nxe4 15.
Qxd8+ Rxd8 16. Be3 O-O 17. Bb6 Ra8 18. Rfd1 Rfc8 19. Kf1 Nf6 20. Rac1 Bd8 21.
Bxd8 Nxd8 22. Ne5 Kf8 23. Rd6 Ra7 24. Rcd1 Nc6 25. f4 Ba8 26. Bf3 Nxe5 27. fxe5
Bxf3 28. gxf3 Ne8 29. R6d4 Ke7 30. Ke2 g6 31. c5 Ng7 32. Rd6 Nf5 33. Rb6 f6 34.
f4 g5 35. exf6+ Kxf6 36. fxg5+ Kxg5 37. Rxe6 Rf7 38. Re4 Rc6 39. Rg1+ Kh5 40.
Re5 Kh4 41. Rf1 Rcf6 42. Rf3 Kg4 43. h3+ Kh4 44. Re4+ Kg5 45. Rg4+ Kh5 46. Kd2
Rd7+ 47. Rd3 Re7 48. Rd5 Kh6 49. Rf4 Kg6 50. Nxa5 1-0

[Event "Tata Steel Chess 2020 GM-A"]
[Site "Wijk aan Zee NED"]
[Date "2020.01.13"]
[Round "3.4"]
[White "Vitiugov, Nikita"]
[Black "So, Wesley"]
[Result "1/2-1/2"]
[WhiteElo "2747"]
[BlackElo "2765"]
[PlyCount "77"]
[EventDate "2020.01.11"]
[EventType "tourn"]
[EventRounds "13"]
[EventCountry "NED"]
[SourceTitle "Ajedrez en Madrid"]
[Source "lmi"]
[SourceDate "2020.01.11"]
[SourceVersion "1"]
[SourceVersionDate "2020.01.19"]
[SourceQuality "1"]

1. e4 e5 2. Nf3 Nc6 3. Bb5 a6 4. Ba4 Nf6 5. O-O Nxe4 6. d4 b5 7. Bb3 d5 8. dxe5
Be6 9. c3 Be7 10. Be3 O-O 11. Nbd2 Bg4 12. Nxe4 dxe4 13. Qd5 Qxd5 14. Bxd5 exf3
15. Bxc6 fxg2 16. Rfe1 Rad8 17. a4 b4 18. cxb4 Bxb4 19. Rec1 Bd2 20. Bxd2 Rxd2
21. b4 f6 22. b5 a5 23. Bxg2 fxe5 24. Rxc7 Bf3 25. Bxf3 Rxf3 26. Rf1 Rf4 27. b6
Rb2 28. b7 Rf7 29. Rc8+ Rf8 30. Rxf8+ Kxf8 31. Re1 Rxb7 32. Rxe5 Rb4 33. Rxa5
Kf7 34. Kg2 h5 35. Kg3 Rg4+ 36. Kf3 Rh4 37. Kg3 Rg4+ 38. Kf3 Rh4 39. Kg3
1/2-1/2

[Event "Tata Steel Chess 2020 GM-A"]
[Site "Wijk aan Zee NED"]
[Date "2020.01.13"]
[Round "3.5"]
[White "Firouzja, Alireza"]
[Black "Artemiev, Vladislav"]
[Result "1-0"]
[WhiteElo "2723"]
[BlackElo "2731"]
[PlyCount "113"]
[EventDate "2020.01.11"]
[EventType "tourn"]
[EventRounds "13"]
[EventCountry "NED"]
[SourceTitle "Ajedrez en Madrid"]
[Source "lmi"]
[SourceDate "2020.01.11"]
[SourceVersion "1"]
[SourceVersionDate "2020.01.19"]
[SourceQuality "1"]

1. e4 c6 2. d4 d5 3. e5 Bf5 4. h4 h5 5. c4 e6 6. Nc3 Ne7 7. Nge2 Nd7 8. Ng3 Bg6
9. Bg5 Qb6 10. Rc1 dxc4 11. Bxc4 Nf5 12. O-O Be7 13. Nxf5 Bxf5 14. Bxe7 Kxe7
15. Qd2 Qd8 16. Nd1 Nb6 17. Ne3 Kf8 18. Nxf5 exf5 19. Bb3 Qxh4 20. Rfe1 Rh6 21.
e6 fxe6 22. Bxe6 Re8 23. Bxf5 Rxe1+ 24. Rxe1 Qd8 25. Qd3 Kf7 26. Qf3 Qf6 27.
Qb3+ Kf8 28. Qa3+ Qd6 29. Qe3 Qd8 30. Qe4 Rf6 31. Bg6 Kg8 32. Qh4 Qd5 33. Re8+
Rf8 34. Qe7 Nd7 35. Bc2 Qxd4 36. Rxf8+ Nxf8 37. Bb3+ Kh7 38. Qxf8 Qxb2 39. Bg8+
Kh6 40. Qf4+ g5 41. Qd6+ Kg7 42. Bb3 Qa1+ 43. Kh2 Qf6 44. Qxf6+ Kxf6 45. Kg3 b5
46. Bd1 h4+ 47. Kg4 c5 48. f4 gxf4 49. Kxf4 Ke6 50. Kg4 a5 51. Kxh4 a4 52. g4
c4 53. g5 a3 54. Be2 Kf5 55. Kh5 Ke4 56. g6 c3 57. Bd1 1-0

[Event "Tata Steel Chess 2020 GM-A"]
[Site "Wijk aan Zee NED"]
[Date "2020.01.13"]
[Round "3.6"]
[White "Van Foreest, Jorden"]
[Black "Dubov, Daniil"]
[Result "1-0"]
[WhiteElo "2644"]
[BlackElo "2683"]
[PlyCount "93"]
[EventDate "2020.01.11"]
[EventType "tourn"]
[EventRounds "13"]
[EventCountry "NED"]
[SourceTitle "Ajedrez en Madrid"]
[Source "lmi"]
[SourceDate "2020.01.11"]
[SourceVersion "1"]
[SourceVersionDate "2020.01.19"]
[SourceQuality "1"]

1. e4 c5 2. Nf3 Nc6 3. c3 Nf6 4. e5 Nd5 5. Bc4 Nb6 6. Bb3 c4 7. Bc2 d5 8. exd6
Qxd6 9. O-O g6 10. Na3 Bg7 11. b3 cxb3 12. axb3 O-O 13. d4 Bg4 14. h3 Bxf3 15.
Qxf3 e5 16. Nb5 Qd7 17. Rd1 a6 18. d5 Nb4 19. Na3 Nxc2 20. Nxc2 Rac8 21. c4 f5
22. Ba3 Rf7 23. Rac1 Re8 24. c5 e4 25. Qe2 Nc8 26. Qc4 Na7 27. Nd4 f4 28. Ne6
Nb5 29. Bb4 e3 30. Ng5 exf2+ 31. Kxf2 Qf5 32. Nxf7 Re4 33. c6 Kxf7 34. cxb7
Rxc4 35. bxc4 Qe5 36. cxb5 Qb2+ 37. Kf1 Be5 38. d6 f3 39. gxf3 Qb3 40. Ke2 Qe6
41. Rc7+ Kf6 42. b8=Q Bf4+ 43. Kd3 Qd5+ 44. Kc2 Qa2+ 45. Kc3 Be5+ 46. Kd3 Qb3+
47. Ke2 1-0

[Event "Tata Steel Chess 2020 GM-A"]
[Site "Wijk aan Zee NED"]
[Date "2020.01.13"]
[Round "3.7"]
[White "Caruana, Fabiano"]
[Black "Yu, Yangyi"]
[Result "1-0"]
[WhiteElo "2822"]
[BlackElo "2726"]
[PlyCount "95"]
[EventDate "2020.01.11"]
[EventType "tourn"]
[EventRounds "13"]
[EventCountry "NED"]
[SourceTitle "Ajedrez en Madrid"]
[Source "lmi"]
[SourceDate "2020.01.11"]
[SourceVersion "1"]
[SourceVersionDate "2020.01.19"]
[SourceQuality "1"]

1. e4 e5 2. Nf3 Nf6 3. d4 Nxe4 4. Bd3 d5 5. Nxe5 Nd7 6. O-O Nxe5 7. dxe5 Nc5 8.
Be3 c6 9. f4 Nxd3 10. Qxd3 g6 11. Nc3 b6 12. Rad1 Bg7 13. b4 Bf5 14. Qe2 Qc8
15. h3 O-O 16. g4 Be6 17. b5 f5 18. exf6 Bxf6 19. Bd4 Bxd4+ 20. Rxd4 cxb5 21.
Nxb5 Bd7 22. Rxd5 Bxb5 23. Rxb5 Qc3 24. Rb3 Qc5+ 25. Kg2 Rae8 26. Qd2 Re4 27.
Rf2 Qc6 28. Kg3 Rc4 29. Rd3 Rf7 30. Rd6 Qc5 31. f5 Qe5+ 32. Kg2 Rc3 33. Rf3
Rxf3 34. Kxf3 Re7 35. Rd5 Qe4+ 36. Kg3 Kg7 37. Rd6 Qe5+ 38. Kh4 gxf5 39. Qh6+
Kg8 40. Rd8+ Re8 41. Rd7 Re7 42. Qg5+ Kf7 43. Rxe7+ Qxe7 44. Qxe7+ Kxe7 45.
gxf5 Kf6 46. Kg4 Ke5 47. Kg5 b5 48. c3 1-0

[Event "Tata Steel Chess 2020 GM-A"]
[Site "Wijk aan Zee NED"]
[Date "2020.01.14"]
[Round "4.4"]
[White "So, Wesley"]
[Black "Firouzja, Alireza"]
[Result "1-0"]
[WhiteElo "2765"]
[BlackElo "2723"]
[PlyCount "93"]
[EventDate "2020.01.11"]
[EventType "tourn"]
[EventRounds "13"]
[EventCountry "NED"]
[SourceTitle "Ajedrez en Madrid"]
[Source "lmi"]
[SourceDate "2020.01.11"]
[SourceVersion "1"]
[SourceVersionDate "2020.01.19"]
[SourceQuality "1"]

1. d4 d5 2. c4 dxc4 3. Nf3 Nf6 4. e3 e6 5. Bxc4 c5 6. O-O a6 7. b3 cxd4 8. Nxd4
Be7 9. Bb2 O-O 10. Be2 Bd7 11. Nd2 Nc6 12. Rc1 Rc8 13. N4f3 b5 14. a3 Qb6 15.
Rc2 e5 16. Bd3 Rfd8 17. Qe2 Bg4 18. Rfc1 Na7 19. Rxc8 Rxc8 20. Rxc8+ Nxc8 21.
h3 Bxf3 22. Qxf3 Qd8 23. Qe2 Qd5 24. Bc2 Nd6 25. Qd3 Qxd3 26. Bxd3 Nd7 27. g4
g6 28. Ne4 Nxe4 29. Bxe4 Nc5 30. Bc2 e4 31. b4 Nd3 32. Bc3 Kf8 33. Kf1 f5 34.
Ke2 Bd8 35. Bxd3 exd3+ 36. Kxd3 Kf7 37. e4 fxg4 38. hxg4 g5 39. Kd4 Bb6+ 40.
Kd5 Bxf2 41. Kc6 Ke6 42. Kb7 Kd7 43. Kxa6 Kc6 44. e5 Be3 45. e6 Bc1 46. a4 bxa4
47. Be5 1-0

[Event "Tata Steel Chess 2020 GM-A"]
[Site "Wijk aan Zee NED"]
[Date "2020.01.18"]
[Round "7.3"]
[White "Caruana, Fabiano"]
[Black "Dubov, Daniil"]
[Result "1-0"]
[WhiteElo "2822"]
[BlackElo "2683"]
[PlyCount "157"]
[EventDate "2020.01.11"]
[EventType "tourn"]
[EventRounds "13"]
[EventCountry "NED"]
[SourceTitle "Ajedrez en Madrid"]
[Source "lmi"]
[SourceDate "2020.01.11"]
[SourceVersion "1"]
[SourceVersionDate "2020.01.19"]
[SourceQuality "1"]

1. e4 c5 2. Nf3 Nc6 3. Bb5 g6 4. O-O Bg7 5. c3 Nf6 6. Re1 O-O 7. d4 d5 8. e5
Ne4 9. Be3 Qb6 10. Bxc6 bxc6 11. Qc1 Rb8 12. b3 Qa5 13. dxc5 Rxb3 14. axb3 Qxa1
15. b4 Qa4 16. Nd4 Bxe5 17. f3 Nf6 18. Qa3 Qxa3 19. Nxa3 Re8 20. Bg5 Bxd4+ 21.
cxd4 Kg7 22. b5 Bd7 23. bxc6 Bxc6 24. Bd2 a6 25. Nc2 Bb5 26. Ra1 Nd7 27. Nb4 e6
28. Bf4 Ra8 29. Ra5 Nb8 30. g4 Kf8 31. Kf2 Ke8 32. g5 Nd7 33. Bc7 f6 34. h4 Ra7
35. Bd6 Ra8 36. Ke3 Kf7 37. f4 Kg7 38. Kd2 h5 39. Kc3 Kf7 40. Nd3 Bc6 41. Kb4
Ra7 42. Ra3 Kg7 43. Nc1 Kf7 44. Nb3 Bb5 45. Na5 Ra8 46. c6 Nb6 47. c7 f5 48.
Re3 Rc8 49. Nb7 Nc4 50. Re1 Bd7 51. Kc5 Ke8 52. Be5 Kf8 53. Ra1 Bb5 54. Bd6+
Ke8 55. Na5 Nd2 56. Be5 Kd7 57. Kb6 Nc4+ 58. Nxc4 dxc4 59. Kc5 Re8 60. Rd1 Ba4
61. Ra1 Bb5 62. Ra2 Kc8 63. Kd6 Kb7 64. Bf6 Kc8 65. Bd8 Kb7 66. Ke5 Rf8 67. Ra3
Kc8 68. Kxe6 Re8+ 69. Kf7 Re4 70. Kxg6 Rxf4 71. Kxh5 Rxd4 72. g6 Rd6 73. Kg5
Rd3 74. g7 c3 75. Kxf5 Rg3 76. Bg5 Bc4 77. Rxa6 c2 78. Rc6 Bb3 79. h5 1-0

[Event "Tata Steel Chess 2020 GM-A"]
[Site "Wijk aan Zee NED"]
[Date "2020.01.19"]
[Round "8.2"]
[White "Xiong, Jeffery"]
[Black "Kovalev, Vladislav"]
[Result "0-1"]
[WhiteElo "2712"]
[BlackElo "2660"]
[PlyCount "156"]
[EventDate "2020.01.11"]
[EventType "tourn"]
[EventRounds "13"]
[EventCountry "NED"]
[SourceTitle "Ajedrez en Madrid"]
[Source "lmi"]
[SourceDate "2020.01.11"]
[SourceVersion "1"]
[SourceVersionDate "2020.01.19"]
[SourceQuality "1"]

1. c4 g6 2. d4 Bg7 3. e4 d6 4. Nc3 e5 5. d5 h5 6. Be2 Bh6 7. Nf3 Bg4 8. Bxh6
Nxh6 9. Nd2 c5 10. dxc6 bxc6 11. b4 O-O 12. O-O Nd7 13. Nb3 Nb6 14. Na5 Qc7 15.
f3 Be6 16. Qd2 Kg7 17. Rfd1 Rad8 18. Rac1 f5 19. b5 c5 20. Nc6 Rd7 21. a4 f4
22. a5 Nc8 23. Nd5 Qb7 24. Qc3 Kh7 25. Rd2 Rg7 26. Rb1 g5 27. a6 Qa8 28. Nxa7
Qxa7 29. Qa5 Bxd5 30. Rxd5 Nb6 31. Rxd6 Rg6 32. Rc6 Rc8 33. Rxc8 Nxc8 34. Qd8
Nb6 35. Rd1 Nf7 36. Qe8 Kg7 37. g3 Qc7 38. Ra1 Qd6 39. Rd1 Qc7 40. Ra1 Qd6 41.
Rd1 Qf6 42. Rd3 fxg3 43. hxg3 h4 44. Qc6 Qxc6 45. bxc6 Rxc6 46. a7 Rc7 47. Ra3
Na8 48. Ra6 Rb7 49. Ra2 Kf6 50. Kg2 hxg3 51. Kxg3 Nd8 52. Ra5 Nc6 53. Rxc5 Nd4
54. Rc8 Nxe2+ 55. Kf2 Rxa7 56. Kxe2 Nc7 57. Rf8+ Kg6 58. Rg8+ Kf6 59. Rf8+ Ke7
60. Rf5 Ra5 61. Kf2 Ne6 62. Kg3 Nd4 63. Rxg5 Kf6 64. Rg8 Ra3 65. Kg2 Ra2+ 66.
Kg3 Ra3 67. Kg2 Rc3 68. Rc8 Kg5 69. Rf8 Rxc4 70. Kh3 Rc6 71. Kg3 Rc3 72. Kg2
Rc6 73. Kg3 Rf6 74. Rg8+ Kh5 75. Re8 Nxf3 76. Re7 Kg6 77. Kg4 Rf4+ 78. Kg3 Kf6
0-1

[Event "Tata Steel Chess 2020 GM-A"]
[Site "Wijk aan Zee NED"]
[Date "2020.01.19"]
[Round "8.4"]
[White "Dubov, Daniil"]
[Black "So, Wesley"]
[Result "1/2-1/2"]
[WhiteElo "2683"]
[BlackElo "2765"]
[PlyCount "29"]
[EventDate "2020.01.11"]
[EventType "tourn"]
[EventRounds "13"]
[EventCountry "NED"]
[SourceTitle "Ajedrez en Madrid"]
[Source "lmi"]
[SourceDate "2020.01.11"]
[SourceVersion "1"]
[SourceVersionDate "2020.01.19"]
[SourceQuality "1"]

1. d4 Nf6 2. c4 e6 3. Nf3 d5 4. Nc3 Bb4 5. Bg5 h6 6. Bxf6 Qxf6 7. e3 O-O 8. Qb3
c5 9. cxd5 exd5 10. dxc5 Bxc3+ 11. Qxc3 Qxc3+ 12. bxc3 Nd7 13. Rd1 Nf6 14. c4
Be6 15. Nd4 1/2-1/2

[Event "Tata Steel Chess 2020 GM-A"]
[Site "Wijk aan Zee NED"]
[Date "2020.01.19"]
[Round "8.5"]
[White "Van Foreest, Jorden"]
[Black "Firouzja, Alireza"]
[Result "1/2-1/2"]
[WhiteElo "2644"]
[BlackElo "2723"]
[PlyCount "72"]
[EventDate "2020.01.11"]
[EventType "tourn"]
[EventRounds "13"]
[EventCountry "NED"]
[SourceTitle "Ajedrez en Madrid"]
[Source "lmi"]
[SourceDate "2020.01.11"]
[SourceVersion "1"]
[SourceVersionDate "2020.01.19"]
[SourceQuality "1"]

1. e4 c5 2. Nf3 d6 3. d4 cxd4 4. Nxd4 Nf6 5. Nc3 a6 6. Rg1 Nc6 7. g4 g6 8. g5
Nd7 9. h4 Nxd4 10. Qxd4 Ne5 11. Kd1 Rg8 12. Nd5 Be6 13. Qb4 Rb8 14. f4 Nc6 15.
Qb6 Qxb6 16. Nxb6 Bg7 17. c3 f5 18. gxf6 Bxf6 19. Nd5 Kd7 20. Rh1 Bg4+ 21. Be2
Bxe2+ 22. Kxe2 b5 23. Be3 Bg7 24. Rad1 b4 25. e5 bxc3 26. bxc3 Rb2+ 27. Kf3 Rf8
28. exd6 exd6 29. Rb1 Rb5 30. Rxb5 axb5 31. Rb1 Rb8 32. h5 gxh5 33. Rg1 Bh8 34.
Rg5 Ne7 35. Nxe7 Kxe7 36. Rxh5 Bxc3 1/2-1/2